| 000 | 00797nam a22002177a 4500 | ||
|---|---|---|---|
| 999 |
_c14274 _d14274 |
||
| 003 | AR-CdUCM | ||
| 008 | 190422b ||||| |||| 00| 0 spa d | ||
| 040 |
_aMUNICIPALIDAD PROVINCIAL DEL CUSCO _cBIBLIOTECA MUNICIPAL DEL CUSCO |
||
| 082 |
_a985.01 / _bG17 |
||
| 100 |
_aGamarra Moscoso, Manuel _932983 |
||
| 245 | _aMisteriosa organización CEQ´ES en el antiguo Perú de los inkas / | ||
| 260 |
_aCusco : _bUNSAAC Facultad de educación, _c1994. |
||
| 300 |
_a16 paginas ; _c32 cm. |
||
| 505 | _aContenido : Misteriosa organizacion -- Suyus -- Sistema de ceq´e a través de las crónicas -- La opinión de la investigación. | ||
| 650 |
_aCusco _9772 |
||
| 650 |
_aCeq´es _932989 |
||
| 650 |
_aCómplices _932984 |
||
| 650 |
_aSuyus _932990 |
||
| 942 |
_2ddc _cPP |
||
| 945 |
_awnts _d2019-04-22 |
||